000 00957cam a22001814a 4500
005 20250605163350.0
008 250528s ||||||||||||||||||||||||d
035 _a17668
020 _a9786185112066
040 _aGR-AtMCL
_bgre
_dGR-AtMCL
_eAACR2
245 1 _aΠρακτικές συμβουλές φωτογράφισης / Οι Σωστές Ρυθμίσεις, Πρόσωπα σε Χαμηλό Φωτισμό, Κίνηση και Φωτογραφία, Κόλπα σε Ειδικές Συνθήκες
260 _bDigerati,
_c2014
300 _a98
520 _aΓνωρίστε όλα τα Μυστικά της Φωτογράφησης. Εισαγωγή, Φακός, Εστίαση Φακού, Έκθεση, Προγράμματα Έκθεσης, Πορτρέτο, Τοπίο, Η Κίνηση στη Φωτογραφία, Κοντινές Λήψεις Macro, Εσωτερικοί Χώροι.
942 _cBK
999 _c3070
_d3070